000 00537nam a2200181 4500
001 174303
003 ES-MaACL
005 20230906215504.0
008 100326s1998 sp |||| | spa d
017 _aJ 270-1998
020 _a84-922338-1-8
080 _a821.134.2-31"19"
100 1 _aGarcía Fuentes, Antonio.
_954624
245 1 0 _aDiálogos con mi amigo "El Loco" /
_cAntonio García Fuentes.
260 _aJaén :
_bA. García Fuentes,
_c1998 (
_fUnión Tipográfica)
300 _a191 p. ;
_c22 cm.
852 4 _a BA
_jC-57092
999 _c174303
_d174303